LEADER 01333nam a2200277 u 4500 001 000000006122 003 CaOOAMICUS 005 20070226104835.0 008 940514n it u000 u ita u 035 $a10156823 040 $aPUL(R)$bita 100 1 $aDe Rosa, Giuseppe,$cS.I.,$d1921-$0(OLS)http://pul/name/6264 245 10$aCattolici e comunisti oggi in Italia :$bvia italiana al socialismo e dialogo con i cattolici /$cGiuseppe De Rosa, S.I. 260 $aRoma :$bEdizioni "La Civiltà Cattolica",$c[s.d.] 300 $a267 p. ;$c21 cm 504 $aBibliografia in nota. 650 4$aMarxismo e Cattolicesimo.$0(OLS)http://pul/subject/5613 650 4$aCattolicesimo e comunismo.$0(OLS)http://pul/subject/5614 850 $aPUL 852 $aPUL$W1$xDP1 Cons. Gen., Altre Classi 1$y22$m45 I 22$j8702$nBK-PRI$b $qStampati$B8702$CPULBib$Z2$F8702 $H $81 852 $aPUL$W1$xDP1 Fondo Pastorale$y55$mP12 B 3$j8703$nBK-PRI$b $qFondi$B8703$CPULBib$Z2$F8703 $H $81 941 1 $a8 941 1 $a1 961 $aINV: 43609 996 $6245$aCattolici e comunisti oggi in Italia :$bvia italiana al socialismo e dialogo con i cattolici$9(OLS)http://pul/title/9017 996 $6260$aRoma :$bEdizioni "La Civiltà Cattolica"$9(OLS)http://pul/publisher/51160 LEADER 01533nam a2200265 a 4500 001 000000139563 003 CaOOAMICUS 005 20140901114106.0 008 140901s2014 sp 000 0 spa r 040 $aPUL$bita 100 1 $aRamos Castañeda, Fabian Andrés.$0(OLS)http://pul/name/89978 245 10$aDerecho fundamental de libertad religiosa en el ordenamiento constitucional y jurisprudencial de la República de Colombia:$banalisis histórico y régimen juridico/$cFabian Andrés Ramos Castañeda. 260 $aMadrid :$bPublicaciones de la Facultad de Derecho canonico"San Damaso",$c2014. 300 $a459 p.$c24 cm 502 $aTesi di Dottorato in Diritto canonico--Universidad San Damaso, Madrid, 2014. 504 $aBibliografia: p.[415]-432. 650 4$aLibertà religiosa$zAlbania.$0(OLS)http://pul/subject/34563 710 1 $aUniversidad San Damaso.$pFacultad de derecho canonico.$kTesi.$0(OLS)http://pul/name/89976 830 0$aDissertationes canonicae (Universidad S. Damaso, Madrid) ;$v4.$0(OLS)http://pul/title/176064 850 $aPUL 852 $aPUL$W1$xDP1 Tesi Varie$y51$m2014 C 4$j159988$qTesi$B160646$CPULBib$Z2$F160646 $82 941 1 $a16 996 $6245$aDerecho fundamental de libertad religiosa en el ordenamiento constitucional y jurisprudencial de la República de Colombia:$banalisis histórico y régimen juridico/$9(OLS)http://pul/title/176671 996 $6260$aMadrid :$bPublicaciones de la Facultad de Derecho canonico"San Damaso"$9(OLS)http://pul/publisher/82778